00706nam a22002057a 4500003000400000008004100004082001800045100001800063245015500081260003900236300001000275502001700285650001300302650001600315650001100331650001100342942001100353999001700364952011900381OSt260504b |||||||| |||| 00| 0 eng d a635.652bR20S aNandan, Ravi. aStudies on Growth, Yield and Quality of French Bean (Phaseolus Vulgaris L.) Under Various Irrigation and Nitrogen Management System / cby Ravi Nandan a.- Pusa, Samastipurb: RAUc, 1994 a213p. bPh. D.d1994 aAgronomy aFrench Bean aThesis aPh. D. 2ddccT c50412d50412 00102ddc4070aRAUbRAUd2026-05-04eby Authorg0.00l0o635.652 R20Sp45226-ULr2026-05-04w2026-05-04yTkGift